| 000 | 00913nam a2200181 a 4500 | ||
|---|---|---|---|
| 008 | 120416s1996 ||||||||||||||||| || u | ||
| 020 | _a8171691498 | ||
| 050 | _aHD 58.7 Ent | ||
| 100 | _aDubey, V. K | ||
| 245 | 1 | 0 |
_aEnterprise management and organisational behaviour _cedited by V. K. Dubey |
| 260 |
_aNew Delhi _bCommonwealth Publishers _c1996 |
||
| 350 | _a0.00 | ||
| 650 | 0 | _aMANAGEMENT | |
| 650 | _aORGANIZATIONAL BEHAVIOUR | ||
| 995 |
_aMAIN LIBRARY OPEN ACCESS _D0.00 _e733098 _FCBU-MAIN LIBRARY (Kitwe) _H3 _I55.00 _jHD 58.7 Ent _M3 _UAVAILABLE _y44822 _ZMain Library Open Access Collection |
||
| 995 |
_aMAIN LIBRARY OPEN ACCESS _D0.00 _e733097 _FCBU-MAIN LIBRARY (Kitwe) _H1 _I55.00 _jHD 58.7 Ent _M1 _UAVAILABLE _y044820 _ZMain Library Open Access Collection |
||
| 995 |
_aANNEX COLLECTION (Main Library) _D0.00 _e733099 _FCBU-MAIN LIBRARY (Kitwe) _H2 _I55.00 _jHD 58.7 Ent _M2 _UAVAILABLE _y44819 _ZAnnex Low-Usage Collection |
||
| 999 |
_c62701 _d62701 |
||